00357nam a2200133Ia 4500008004100000041000800041082001800049100002200067245004500089250001400134260003500148300003300183365000700216240624s9999 xx 000 0 und d aeng a620.0068 BELL aFREEMAN BELL GAIL aMANAGEMENT IN ENGINEERING PRINCIPLES AND a(2nd ed.) c2003aNew DelhibPrentice-Hall axxiii, : 493 : p. : cm. ; 25 cRS